Southville International School and Colleges
Your cart is empty.
  • Cart
  • Lists
    Public lists Eva Luna New books Lux_list list_1
    Your lists Log in to create your own lists
  • Log in to your account
  • Your cookies
  • Search history
Southville International School and Colleges
  • Advanced search
  • Recent comments
  • Most popular
  • Libraries

Log in to your account

Log in with GOOGLE


If you do not have an external account, but do have a local account, you can still log in:

  1. Home
  2. MARC view: The pocket guide to the DSM-5 diagnostic exam /
Normal view MARC view ISBD view

The pocket guide to the DSM-5 diagnostic exam / (Record no. 275887)

[ view plain ]
MARC details
000 -LEADER
fixed length control field 01131cam a2200289 a 4500
005 - DATE AND TIME OF LATEST TRANSACTION
control field 20140925154058.0
008 - FIXED-LENGTH DATA ELEMENTS--GENERAL INFORMATION
fixed length control field 130213s2013 dcu b 001 0 eng
010 ## - LIBRARY OF CONGRESS CONTROL NUMBER
LC control number 2013006020
020 ## - INTERNATIONAL STANDARD BOOK NUMBER
International Standard Book Number 9781585624669 (pbk. : alk. paper)
035 ## - SYSTEM CONTROL NUMBER
System control number (DNLM)101602178
040 ## - CATALOGING SOURCE
Original cataloging agency DNLM/DLC
Transcribing agency DLC
Modifying agency DLC
042 ## - AUTHENTICATION CODE
Authentication code pcc
050 00 - LIBRARY OF CONGRESS CALL NUMBER
Classification number RC 470
Item number .N87 2013
100 1# - MAIN ENTRY--PERSONAL NAME
Personal name Nussbaum, Abraham M.,
Dates associated with a name 1975-
245 14 - TITLE STATEMENT
Title The pocket guide to the DSM-5 diagnostic exam /
Statement of responsibility, etc Abraham M. Nussbaum.
246 1# - VARYING FORM OF TITLE
Title proper/short title Pocket guide to the Diagnostic and statistical manual of mental disorders-5 diagnostic exam.
246 1# - VARYING FORM OF TITLE
Title proper/short title Pocket guide to the Diagnostic and statistical manual of mental disorders-five diagnostic exam.
250 ## - EDITION STATEMENT
Edition statement 1st ed.
260 ## - PUBLICATION, DISTRIBUTION, ETC. (IMPRINT)
Place of publication, distribution, etc Washington, DC :
Name of publisher, distributor, etc American Psychiatric Publishing,
Date of publication, distribution, etc ©2013.
300 ## - PHYSICAL DESCRIPTION
Extent viii, 273 pages ;
Dimensions 21 cm.
630 02 - SUBJECT ADDED ENTRY--UNIFORM TITLE
Uniform title Diagnostic and statistical manual of mental disorders.
Version 5th ed.
650 12 - SUBJECT ADDED ENTRY--TOPICAL TERM
Topical term or geographic name as entry element Interview, Psychological
General subdivision methods.
650 22 - SUBJECT ADDED ENTRY--TOPICAL TERM
Topical term or geographic name as entry element Mental Disorders
General subdivision diagnosis.
650 22 - SUBJECT ADDED ENTRY--TOPICAL TERM
Topical term or geographic name as entry element Physician-Patient Relations.
710 2# - ADDED ENTRY--CORPORATE NAME
Corporate name or jurisdiction name as entry element American Psychiatric Association.
942 ## - ADDED ENTRY ELEMENTS (KOHA)
Source of classification or shelving scheme Library of Congress Classification
Koha item type Books
Call number prefix Foreign
Holdings
Withdrawn status Lost status Source of classification or shelving scheme Damaged status Home library Current library Shelving location Date acquired Source of acquisition Cost, normal purchase price Total Checkouts Total Renewals Full call number Barcode Date last seen Date checked out Price effective from Koha item type
    Library of Congress Classification   College Library College Library Reserve Section 09/25/2014 Library Fund 5200.00 13 106 RC 470 .N87 2013 C18665 02/15/2020 02/07/2020 09/25/2014 Books

The pocket guide to the DSM-5 diagnostic exam /

APA

Nussbaum A. M., American Psychiatric Association, . (2013). The pocket guide to the DSM-5 diagnostic exam. Washington, DC: American Psychiatric Publishing.

Chicago

Nussbaum Abraham M, American Psychiatric Association, . 2013. The pocket guide to the DSM-5 diagnostic exam. Washington, DC: American Psychiatric Publishing.

Harvard

Nussbaum A. M., American Psychiatric Association, . (2013). The pocket guide to the DSM-5 diagnostic exam. Washington, DC: American Psychiatric Publishing.

MLA

Nussbaum Abraham M, American Psychiatric Association, . The pocket guide to the DSM-5 diagnostic exam. Washington, DC: American Psychiatric Publishing. 2013.

  • Place hold
  • Print
  • Cite
  • Add to your cart (remove)
  • Save record
    BIBTEX Dublin Core MARCXML MARC (non-Unicode/MARC-8) MARC (Unicode/UTF-8) MARC (Unicode/UTF-8, Standard) MODS (XML) RIS
  • More searches
    Search for this title in:
    Other Libraries (WorldCat) Other Databases (Google Scholar) Online Stores (Bookfinder.com) Open Library (openlibrary.org)

Exporting to Dublin Core...

SOUTHVILLE LIBRARY

Southville International School and Colleges Library

1281 Tropical Ave. Cor. Luxembourg St., BF Homes International, Las Pinas City

Tel. No. 8256374 / 252358 Loc. 117/146

Powered by Koha